CAF Members Quiz - Statistics

General Stats
  • This quiz has been taken 253 times
  • The average score is 49 of 56
Answer Stats
Code Association CAF % Correct
EGY CAF Egypt
98%
SEN CAF Senegal
97%
ALG CAF Algeria
96%
COD CAF Democratic Republic of Congo
96%
MAR CAF Morocco
96%
CGO CAF Republic of Congo
96%
TUN CAF Tunisia
96%
NIG CAF Niger
95%
CMR CAF Cameroon
93%
MLI CAF Mali
93%
NGA CAF Nigeria
93%
RSA CAF South Africa
93%
ZIM CAF Zimbabwe
93%
ANG CAF Angola
92%
CHA CAF Chad
92%
CIV CAF Ivory Coast
92%
LBY CAF Libya
92%
SDN CAF Sudan
92%
GHA CAF Ghana
91%
MAD CAF Madagascar
91%
SSD CAF South Sudan
90%
TOG CAF Togo
90%
ZAM CAF Zambia
90%
BEN CAF Benin
89%
LBR CAF Liberia
89%
ETH CAF Ethiopia
88%
GUI CAF Guinea
88%
KEN CAF Kenya
88%
LES CAF Lesotho
88%
SOM CAF Somalia
88%
SWZ CAF Eswatini
87%
GAB CAF Gabon
87%
GAM CAF Gambia
87%
MTN CAF Mauritania
86%
TAN CAF Tanzania
86%
BOT CAF Botswana
85%
CPV CAF Cape Verde
85%
GNB CAF Guinea-Bissau
85%
NAM CAF Namibia
85%
CTA CAF Central African Republic
84%
EQG CAF Equatorial Guinea
84%
ERI CAF Eritrea
84%
RWA CAF Rwanda
84%
UGA CAF Uganda
84%
DJI CAF Djibouti
83%
SEY CAF Seychelles
83%
BDI CAF Burundi
82%
MRI CAF Mauritius
82%
BFA CAF Burkina Faso
81%
MWI CAF Malawi
81%
MOZ CAF Mozambique
81%
SLE CAF Sierra Leone
81%
COM CAF Comoros
78%
STP CAF São Tomé and Príncipe
78%
REU CAF Réunion
43%
ZAN CAF Zanzibar
42%
No matching quizzes found
Score Distribution
Percent of People with Each Score
Percentile by Number Answered
Your Score History
You have not taken this quiz